[Event "Regionalliga NW 0708"]
[Site "Bayern"]
[Date "2008.04.20"]
[Round "9.7"]
[White "Zimlich, Juergen"]
[Black "Zoeller, Bernd"]
[Result "1/2-1/2"]
[WhiteElo "1871"]
[BlackElo "1904"]
[PlyCount "34"]
[EventDate "2007.10.21"]
[EventType "team-tourn"]
[EventRounds "9"]
[EventCountry "GER"]
[SourceTitle "EXT 2009"]
[Source "ChessBase"]
[SourceDate "2008.11.26"]
[SourceVersion "1"]
[SourceVersionDate "2008.11.26"]
[SourceQuality "1"]
[WhiteTeam "Sailauf"]
[BlackTeam "Klingenberg"]
[WhiteTeamCountry "GER"]
[BlackTeamCountry "GER"]

1. d4 Nf6 2. Nf3 e6 3. Bg5 Be7 4. c4 Ne4 5. Bxe7 Qxe7 6. Nbd2 Nxd2 7. Qxd2 f5 8. g3 b6 9. Bg2 Bb7 10. 0-0 0-0 11. Ne5 Bxg2 12. Kxg2 d6 13. Nd3 Nd7 14. f3 e5 15. dxe5 Nxe5 16. Rac1 Nxd3 17. exd3 Rae8 1/2-1/2

[Event "Regionalliga NW 0708"]
[Site "Bayern"]
[Date "2008.02.17"]
[Round "6.5"]
[White "Hasenstab, Armin"]
[Black "Zimlich, Juergen"]
[Result "1/2-1/2"]
[WhiteElo "1960"]
[BlackElo "1871"]
[PlyCount "85"]
[EventDate "2007.10.21"]
[EventType "team-tourn"]
[EventRounds "9"]
[EventCountry "GER"]
[SourceTitle "EXT 2009"]
[Source "ChessBase"]
[SourceDate "2008.11.26"]
[SourceVersion "1"]
[SourceVersionDate "2008.11.26"]
[SourceQuality "1"]
[WhiteTeam "Schweinheim"]
[BlackTeam "Sailauf"]
[WhiteTeamCountry "GER"]
[BlackTeamCountry "GER"]

1. d4 d5 2. Nf3 Bf5 3. c4 dxc4 4. Nc3 Nf6 5. e3 e6 6. Bxc4 c6 7. 0-0 Nbd7 8. a3 a5 9. Re1 Ne4 10. Nxe4 Bxe4 11. Nd2 Bg6 12. e4 Nb6 13. d5 Nxc4 14. Nxc4 Be7 15. d6 b5 16. d7+ Kf8 17. Ne5 Qb6 18. Be3 c5 19. f3 f6 20. d8Q+ Qxd8 21. Nd7+ Kf7 22. Bxc5 Bxc5+ 23. Nxc5 Qxd1 24. Raxd1 Rad8 25. Nb7 Rxd1 26. Rxd1 Ke7 27. Rc1 Be8 28. Rc7+ Bd7 29. Kf2 a4 30. Ke3 e5 31. Nc5 Rd8 32. Rb7 Kd6 33. Nxd7 Rxd7 34. Rxb5 Kc6 35. Rb4 Ra7 36. f4 Kc5 37. h4 h5 38. f5 Kc6 39. Kf3 Rd7 40. Rxa4 Rd3+ 41. Ke2 Rg3 42. Rc4+ Kb5 43. Rc2 1/2-1/2

[Event "Regionalliga NW 0405"]
[Site "Bayern"]
[Date "2005.02.13"]
[Round "7.6"]
[White "Zimlich, Juergen"]
[Black "Lutz, Martin"]
[Result "1/2-1/2"]
[WhiteElo "1921"]
[BlackElo "1944"]
[PlyCount "156"]
[EventDate "2004.10.24"]
[EventType "team-tourn"]
[EventRounds "9"]
[EventCountry "GER"]
[SourceTitle "EXT 2007"]
[Source "ChessBase"]
[SourceDate "2006.11.23"]
[SourceVersion "1"]
[SourceVersionDate "2006.11.23"]
[SourceQuality "1"]
[WhiteTeam "Sailauf"]
[BlackTeam "Kulmbach"]
[WhiteTeamCountry "GER"]
[BlackTeamCountry "GER"]

1. d4 b5 2. e4 a6 3. Bd3 Bb7 4. Ne2 e6 5. 0-0 c5 6. c3 d6 7. f4 Nf6 8. e5 Nfd7 9. Be3 Be7 10. Nd2 Nc6 11. exd6 Bxd6 12. Ne4 Be7 13. dxc5 Nf6 14. Nxf6+ Bxf6 15. Qc2 g6 16. Rad1 Qc7 17. b4 Ne7 18. Ng3 Nd5 19. Bd2 0-0 20. Ne4 Be7 21. c4 bxc4 22. Bxc4 Qc6 23. Rfe1 Rfd8 24. Bf1 h6 25. a4 f5 26. Ng3 a5 27. Bb5 Qc7 28. Rxe6 Kf7 29. Rde1 axb4 30. Bxb4 Bf6 31. Bd2 Rac8 32. c6 Ba8 33. Qc4 Kg7 34. Kh1 Rd6 35. Bb4 Rxe6 36. Rxe6 Nxb4 37. Qxb4 Rd8 38. h3 Rd4 39. Qe1 Rd6 40. Rxd6 Qxd6 41. Qc1 Bd8 42. Ne2 Bc7 43. Qc3+ Kh7 44. Qd4 Kg8 45. Qxd6 Bxd6 46. Kg1 Kf7 47. Kf2 Bc5+ 48. Kf3 Ke7 49. g4 fxg4+ 50. hxg4 Kd6 51. Ke4 Bxc6+ 52. Bxc6 Kxc6 53. Ke5 h5 54. g5 Kb6 55. Nd4 h4 56. Nf3 h3 57. f5 gxf5 58. g6 Bf8 59. Kxf5 Ka5 60. Kg4 Kxa4 61. Kxh3 Kb4 62. Kg4 Kc5 63. Kf5 Bg7 64. Ke6 Kc4 65. Kf7 Bb2 66. Ng5 Kd5 67. Nh7 Bh8 68. Nf6+ Ke5 69. Ne8 Kf5 70. Ng7+ Kg5 71. Ne6+ Kf5 72. Nf8 Bb2 73. Ne6 Bc3 74. Ng7+ Kg5 75. Ne8 Bb2 76. Nd6 Bh8 77. Nc8 Bb2 78. Ne7 Ba1 1/2-1/2

[Event "Landesliga Nord 0304"]
[Site "Bayern"]
[Date "2004.01.18"]
[Round "5.5"]
[White "Bahlke, Wolfgang"]
[Black "Zimlich, Juergen"]
[Result "1-0"]
[WhiteElo "2131"]
[BlackElo "1921"]
[PlyCount "51"]
[EventDate "2003.10.??"]
[EventType "team-tourn"]
[EventRounds "9"]
[EventCountry "GER"]
[SourceTitle "EXT 2006"]
[Source "ChessBase"]
[SourceDate "2005.11.24"]
[SourceVersion "1"]
[SourceVersionDate "2005.11.24"]
[SourceQuality "1"]
[WhiteTeam "Dettingen"]
[BlackTeam "Sailauf"]
[WhiteTeamCountry "GER"]
[BlackTeamCountry "GER"]

1. c4 Nf6 2. g3 e6 3. Nf3 d5 4. b3 c5 5. Bg2 Nc6 6. 0-0 Be7 7. Bb2 0-0 8. d3 Qc7 9. Nbd2 Rd8 10. cxd5 exd5 11. Rc1 b6 12. Qc2 a5 13. a3 Ba6 14. Rfe1 Qd7 15. d4 Nxd4 16. Nxd4 cxd4 17. Nf3 Rac8 18. Qd1 Rxc1 19. Bxc1 Bc5 20. Nxd4 Ne4 21. Bb2 Qd6 22. e3 Bxa3 23. Nf5 Qd7 24. Bh3 Qe8 25. Bxa3 Nc3 26. Qd4 1-0

[Event "Landesliga Nord 0304"]
[Site "Bayern"]
[Date "2003.12.14"]
[Round "4.5"]
[White "Zimlich, Juergen"]
[Black "Schmahl, Stephan"]
[Result "0-1"]
[WhiteElo "1921"]
[BlackElo "2042"]
[PlyCount "50"]
[EventDate "2003.10.??"]
[EventType "team-tourn"]
[EventRounds "9"]
[EventCountry "GER"]
[SourceTitle "EXT 2006"]
[Source "ChessBase"]
[SourceDate "2005.11.24"]
[SourceVersion "1"]
[SourceVersionDate "2005.11.24"]
[SourceQuality "1"]
[WhiteTeam "Sailauf"]
[BlackTeam "Neutraubling"]
[WhiteTeamCountry "GER"]
[BlackTeamCountry "GER"]

1. d4 f5 2. Bg5 g6 3. c4 Bg7 4. Nc3 Nf6 5. g3 0-0 6. Bg2 d6 7. Nf3 h6 8. Bxf6 Bxf6 9. 0-0 Na6 10. e4 e5 11. dxe5 dxe5 12. Qxd8 Rxd8 13. Nd5 Kf7 14. Nxf6 Kxf6 15. exf5 gxf5 16. Rfd1 Be6 17. b3 Nc5 18. Ne1 a5 19. Nc2 c6 20. Ne3 f4 21. Nf1 Bf5 22. Rac1 Bd3 23. gxf4 exf4 24. Bf3 Rg8+ 25. Kh1 Ne4 0-1

[Event "Unterfranken-ch M1 51th"]
[Site "Sailauf"]
[Date "2000.??.??"]
[Round "5"]
[White "Matis, Paul"]
[Black "Zimlich, Juergen"]
[Result "1-0"]
[WhiteElo "1824"]
[BlackElo "1908"]
[PlyCount "61"]
[EventDate "2000.04.24"]
[EventType "swiss"]
[EventRounds "9"]
[EventCountry "GER"]
[SourceTitle "EXT 2015"]
[Source "ChessBase"]
[SourceDate "2014.11.20"]
[SourceVersion "1"]
[SourceVersionDate "2014.11.20"]
[SourceQuality "1"]

1. e4 d5 2. exd5 Qxd5 3. Nc3 Qa5 4. d4 c6 5. Bd2 Nf6 6. Nf3 Bf5 7. Bc4 e6 8. Nd5 Qd8 9. Nxf6+ Qxf6 10. c3 Bg4 11. Be2 Bd6 12. h3 Bxf3 13. Bxf3 Bf4 14. Bxf4 Qxf4 15. Qb3 Qc7 16. 0-0 0-0 17. Rfe1 Nd7 18. Re3 a5 19. a4 Rab8 20. Qc2 b5 21. Be2 Nb6 22. axb5 Nd5 23. Rf3 cxb5 24. Bd3 g6 25. Re1 Rfc8 26. Qd2 a4 27. Re5 Qa5 28. Qh6 Rb7 29. Be4 a3 30. bxa3 Rxc3 31. Bxd5 1-0

[Event "Unterfranken-ch M1 51th"]
[Site "Sailauf"]
[Date "2000.??.??"]
[Round "2"]
[White "Wolff, Martin"]
[Black "Zimlich, Juergen"]
[Result "1-0"]
[WhiteElo "1986"]
[BlackElo "1908"]
[PlyCount "53"]
[EventDate "2000.04.24"]
[EventType "swiss"]
[EventRounds "9"]
[EventCountry "GER"]
[SourceTitle "EXT 2015"]
[Source "ChessBase"]
[SourceDate "2014.11.20"]
[SourceVersion "1"]
[SourceVersionDate "2014.11.20"]
[SourceQuality "1"]

1. e4 d5 2. exd5 Qxd5 3. Nc3 Qa5 4. d4 c6 5. Bc4 Nf6 6. Bd2 Qc7 7. Nf3 Bf5 8. 0-0 e6 9. Re1 Bd6 10. Ne5 Nbd7 11. Qe2 0-0 12. Bb3 a6 13. h3 Rac8 14. g4 Bg6 15. h4 c5 16. h5 cxd4 17. Nxd7 Nxd7 18. hxg6 dxc3 19. gxf7+ Kh8 20. Bxc3 Nc5 21. Bxe6 Nxe6 22. Qxe6 Rxf7 23. Rad1 Bc5 24. Bd4 Rcf8 25. Rf1 Bxd4 26. Rxd4 Qxc2 27. Qxf7 1-0

[Event "Unterfranken-ch M1 51th"]
[Site "Sailauf"]
[Date "2000.??.??"]
[Round "1"]
[White "Zimlich, Juergen"]
[Black "Bahlke, Wolfgang"]
[Result "1/2-1/2"]
[WhiteElo "1908"]
[BlackElo "2100"]
[PlyCount "110"]
[EventDate "2000.04.24"]
[EventType "swiss"]
[EventRounds "9"]
[EventCountry "GER"]
[SourceTitle "EXT 2015"]
[Source "ChessBase"]
[SourceDate "2014.11.20"]
[SourceVersion "1"]
[SourceVersionDate "2014.11.20"]
[SourceQuality "1"]

1. d4 Nf6 2. c4 g6 3. Nc3 Bg7 4. e4 d6 5. h3 0-0 6. Bg5 Nbd7 7. Nf3 e5 8. dxe5 dxe5 9. Qc2 c6 10. Be2 Qe7 11. 0-0 h6 12. Be3 Re8 13. Rab1 g5 14. Nd2 Nf8 15. Rfd1 g4 16. hxg4 Nxg4 17. Bxg4 Bxg4 18. f3 Be6 19. b4 Ng6 20. Ne2 Qh4 21. Nb3 b6 22. a4 Nf4 23. Nxf4 exf4 24. Bf2 Qg5 25. Kf1 f5 26. Nd2 fxe4 27. Nxe4 Bf5 28. Re1 Qg6 29. c5 Bxe4 30. Rxe4 Rxe4 31. Qxe4 Qxe4 32. fxe4 bxc5 33. bxc5 Re8 34. Rb7 a5 35. Be1 Rxe4 36. Bxa5 Rxa4 37. Bb6 Re4 38. Rc7 Re6 39. Rc8+ Kh7 40. Bc7 Bd4 41. Bd6 Kg6 42. Rxc6 Bf6 43. Rb6 Kf5 44. Bf8 Re4 45. c6 Bh4 46. Rb1 Rc4 47. Rb5+ Ke6 48. Rc5 Rxc5 49. Bxc5 Bd8 50. Ke2 Kd5 51. Bf8 Kxc6 52. Bxh6 Kd5 53. Kf3 Ke6 54. Kxf4 Kf7 55. Kf5 Kg8 1/2-1/2

[Event "Unterfranken-ch M1 51th"]
[Site "Sailauf"]
[Date "2000.??.??"]
[Round "9"]
[White "Zimlich, Juergen"]
[Black "Konik, Michael"]
[Result "0-1"]
[WhiteElo "1908"]
[BlackElo "2021"]
[PlyCount "56"]
[EventDate "2000.04.24"]
[EventType "swiss"]
[EventRounds "9"]
[EventCountry "GER"]
[SourceTitle "EXT 2015"]
[Source "ChessBase"]
[SourceDate "2014.11.20"]
[SourceVersion "1"]
[SourceVersionDate "2014.11.20"]
[SourceQuality "1"]

1. d4 e6 2. c4 b6 3. e4 Bb7 4. Nc3 Bb4 5. Bd3 f5 6. f3 Nf6 7. Qc2 fxe4 8. fxe4 Bxc3+ 9. bxc3 Nxe4 10. Nf3 d5 11. Ba3 Nd7 12. 0-0 Ndf6 13. Ne5 c6 14. Bxe4 dxe4 15. Qe2 h5 16. Qe3 Qc7 17. Qh3 0-0-0 18. Qxe6+ Kb8 19. Qf7 Rhe8 20. Qg6 c5 21. Nf7 Rd7 22. Ng5 Rde7 23. Rab1 e3 24. d5 e2 25. Rfe1 Qf4 26. Ne6 Qe3+ 27. Kh1 Ng4 28. h3 Rxe6 0-1

[Event "Regionalliga NW 9798"]
[Site "Bayern"]
[Date "1998.??.??"]
[Round "?.5"]
[White "Zimlich, Juergen"]
[Black "Stauch, Frank"]
[Result "0-1"]
[WhiteElo "1850"]
[BlackElo "2075"]
[PlyCount "102"]
[EventDate "1997.10.??"]
[EventType "team-tourn"]
[EventRounds "9"]
[EventCountry "GER"]
[SourceTitle "EXT 2020"]
[Source "ChessBase"]
[SourceDate "2019.10.17"]
[SourceVersion "1"]
[SourceVersionDate "2019.10.17"]
[SourceQuality "1"]
[WhiteTeam "Sailauf"]
[BlackTeam "Kronach"]
[WhiteTeamCountry "GER"]
[BlackTeamCountry "GER"]

1. d4 Nf6 2. c4 e6 3. Nf3 Bb4+ 4. Bd2 Qe7 5. e3 Ne4 6. Bd3 Nxd2 7. Nbxd2 0-0 8. 0-0 Bxd2 9. Nxd2 d5 10. cxd5 exd5 11. Qh5 f5 12. Nf3 c6 13. Ne5 Rf6 14. f4 Be6 15. Rf3 Nd7 16. Qh4 Re8 17. Kh1 c5 18. Rh3 h6 19. b3 cxd4 20. exd4 Qb4 21. Qf2 Rc8 22. Re1 Nb8 23. Qe3 Nc6 24. Nf3 Bf7 25. Qf2 Re8 26. Rxe8+ Bxe8 27. Rh4 Bf7 28. g4 fxg4 29. Rxg4 Qc3 30. Qc2 Qxc2 31. Bxc2 Bh5 32. Rg3 Rxf4 33. Ne5 Nxd4 34. Bg6 Bxg6 35. Nxg6 Rf1+ 36. Kg2 Ra1 37. a4 Ra2+ 38. Kh1 Nc6 39. Nh4 Ra1+ 40. Kg2 Ra2+ 41. Kg1 Nd4 42. Kh1 Rf2 43. Rd3 Nf5 44. Kg1 Rf4 45. Ng2 Rd4 46. Rc3 Rd1+ 47. Kf2 d4 48. Rc7 d3 49. Rxb7 Rd2+ 50. Kf3 Rxg2 51. Kxg2 d2 0-1

[Event "Regionalliga NW 9798"]
[Site "Bayern"]
[Date "1998.??.??"]
[Round "?.6"]
[White "Zimlich, Juergen"]
[Black "Weber, Dietmar"]
[Result "1-0"]
[WhiteElo "1850"]
[BlackElo "1955"]
[PlyCount "131"]
[EventDate "1997.10.??"]
[EventType "team-tourn"]
[EventRounds "9"]
[EventCountry "GER"]
[SourceTitle "EXT 2020"]
[Source "ChessBase"]
[SourceDate "2019.10.17"]
[SourceVersion "1"]
[SourceVersionDate "2019.10.17"]
[SourceQuality "1"]
[WhiteTeam "Sailauf"]
[BlackTeam "Neustadt SV"]
[WhiteTeamCountry "GER"]
[BlackTeamCountry "GER"]

1. d4 Nf6 2. c4 d6 3. Nc3 Nbd7 4. Nf3 e5 5. e4 Be7 6. Be2 0-0 7. 0-0 c6 8. Rb1 a5 9. Ne1 Ne8 10. dxe5 dxe5 11. Be3 Qc7 12. Nd3 Nd6 13. Qa4 f5 14. c5 Nxe4 15. Nxe4 fxe4 16. Qxe4 Kh8 17. Rfd1 Bf6 18. Rbc1 Re8 19. b3 Nf8 20. Nb2 Be6 21. Bc4 Rad8 22. Bxe6 Nxe6 23. Nc4 Nd4 24. Bd2 Ra8 25. Nb6 Ra6 26. Bc3 Rd8 27. f4 Qe7 28. Bxd4 exd4 29. Qxe7 Bxe7 30. Na4 Raa8 31. Rd3 Rab8 32. Nb6 Kg8 33. Kf2 Kf7 34. Kf3 g6 35. g4 h6 36. Ke4 Bf6 37. Nc4 Rd7 38. Nxa5 Re8+ 39. Kf3 Rde7 40. Nc4 Rd8 41. Nd6+ Kf8 42. b4 Ra8 43. a3 Rd8 44. Rh1 b6 45. Ne4 Bg7 46. cxb6 Rb8 47. Nd6 Re3+ 48. Rxe3 dxe3 49. Nc4 Bd4 50. Rd1 Bxb6 51. Nxb6 Rxb6 52. Kxe3 Ra6 53. Rd3 Ke7 54. Ke4 Ke6 55. f5+ gxf5+ 56. gxf5+ Kf6 57. Kf4 c5 58. bxc5 Ra4+ 59. Kf3 Rc4 60. Rd5 Rc3+ 61. Ke4 Rc4+ 62. Kd3 Ra4 63. c6 Rxa3+ 64. Kc4 Ra2 65. Rc5 Rc2+ 66. Kd4 1-0